| 000 | 01080nam a2200205 a 4500 | ||
|---|---|---|---|
| 001 | 56920 | ||
| 005 | 20180714052917.0 | ||
| 008 | 140415s2010 mx 000 0 spa d | ||
| 020 | _a978607030101957 | ||
| 041 | _aspa | ||
| 082 |
_a972.032 _bSEN |
||
| 100 | 1 | _aSENADO DE LA REPUBLICA | |
| 245 | 1 | 0 | _aMUJERES INSURGENTES |
| 250 | _a1a ed. | ||
| 260 |
_aMEXICO : _bSENADO DE LA REPUBLICA, _c2010 |
||
| 300 |
_a61 _c14.9 x 1.3 x 22.95 |
||
| 490 | _aCULTURA DE LA RENDICION DE CUENTAS | ||
| 520 | _aEN MEXICO LA HISTORIOGRAFIA DE GENERO HA PROLIFERADO EN LAS UTLIMAS DOS DECADAS. NO OBSTANTE, ALGUNAS MUJERES LOGRARON TRASCENDER DESDE SU EPOCA, EN UN MUNDO DE HOMBRES. EN LA INSURGENCIA, LOS NOMBRES DE JOSEFA ORTIZ, LEONA VICARIO O LA GUERA RODRIGUEZ FUERON CONSIGNADOS DESDE LOS PRIMEROS CRONISTAS DE ESTE PROCESO REVOLUCIONARIO. EN CAMBIO, DE LA REVOLUCION TRASCENDIO EL COLECTIVO ANONIMO DE LAS SOLDADEAS, MAS QUE NOMBRES INDIVIDUALES. | ||
| 650 | 1 | 4 |
_aMEXICO _xHISTORIA _xGUERRA DE INDEPENDENCIA, 1810 _x1821 ATLAS _xMUJERES MEXICANAS _xREVOLUCIONARIOS MEXICANOS |
| 999 |
_c56920 _d56920 |
||